Un ensayo de la razón: nación y literatura en el ámbito republicano cubano = An essay of the reason : nation and literature in the cuban republican field /

Guardado en:
書目詳細資料
主要作者: Aguilar Santos, Jeisil
格式: Texto
標簽: 添加標簽
沒有標簽, 成為第一個標記此記錄!

MARC

LEADER 00000 a a2200000 04500
001 48584
003
040
100 |a Aguilar Santos, Jeisil  
245 |a Un ensayo de la razón: nación y literatura en el ámbito republicano cubano =   |b An essay of the reason : nation and literature in the cuban republican field /  |c Jeisil Aguilar Santos  
773 |g número146, (2014), páginas 141-153  
999 |c 25407  |d 25407 
773 0 |0 18728  |9 1630  |a Universidad de Costa Rica  |d San José, Costa Rica Editorial UCR 1956-  |o 18147  |t Revista de Ciencias Sociales/  |x 04825276